000
00227 a2200097 4500
001
32696
100
_a
Levarllant, M
245
_a
The passionate exiles
260
_a
Newyork
_b
Farrar, Strous & Cudahy
_c
090
_c
21897
_d
21897
942
_a
NUST-CAE
_c
M
_c
13221
999
_c
267769
_d
267769